[Event "Prague International Open"]
[Site "Prague CZE"]
[Date "2019.03.10"]
[Round "2.45"]
[White "Puchovsky, Ladislav"]
[Black "Salimova, Nurgyul"]
[Result "0-1"]
[BlackTitle "FM"]
[WhiteElo "1958"]
[BlackElo "2414"]
[WhiteFideId "14911965"]
[BlackFideId "2915138"]
[EventDate "2019.03.09"]

1. d4 Nf6 2. c4 e6 3. Nf3 d5 4. Bg5 Be7 5. Nbd2 O-O 6. e3 b6 7. Bd3 Bb7 8. O-O
Nbd7 9. Rc1 c5 10. Bb1 Rc8 11. Re1 cxd4 12. exd4 Re8 13. Qa4 Bc6 14. Qd1 Ba8 15.
h3 Nf8 16. Qa4 a5 17. a3 Bc6 18. Qd1 Ng6 19. Ne5 Bb7 20. Ba2 dxc4 21. Ndxc4 Nd5
22. Bxe7 Qxe7 23. Bb1 Rc7 24. Qd2 Rec8 25. Nxg6 hxg6 26. Ne3 Nf4 27. f3 Rxc1 0-1

[Event "Prague International Open"]
[Site "Prague CZE"]
[Date "2019.03.10"]
[Round "2.46"]
[White "Folkova, Martina"]
[Black "Kunal, M."]
[Result "0-1"]
[WhiteTitle "WFM"]
[WhiteElo "2001"]
[BlackElo "2258"]
[WhiteFideId "304271"]
[BlackFideId "5018250"]
[EventDate "2019.03.09"]

1. e4 c6 2. d4 d5 3. exd5 cxd5 4. c4 Nf6 5. Nc3 Nc6 6. Nf3 Be6 7. Bg5 g6 8. Bxf6
exf6 9. Be2 Bg7 10. O-O O-O 11. a3 f5 12. c5 Qf6 13. Nb5 a6 14. Nd6 Rab8 15. Rb1
Nxd4 16. Nxd4 Qxd4 17. Qc2 Rfd8 18. Rfd1 Qe5 19. Qd2 Bf8 20. f4 Qf6 21. Nxb7
Rxb7 22. c6 Rc7 23. Rbc1 Rd6 24. Bxa6 Rdxc6 25. Rxc6 Rxc6 26. Bb5 Rc8 27. a4 Qe7
28. Qe2 Qb4 0-1

[Event "Prague International Open"]
[Site "Prague CZE"]
[Date "2019.03.10"]
[Round "2.48"]
[White "Stevik, Patrik"]
[Black "Splichal, Stanislav"]
[Result "1/2-1/2"]
[WhiteElo "1918"]
[BlackElo "2142"]
[WhiteFideId "14944812"]
[BlackFideId "310476"]
[EventDate "2019.03.09"]

1. e4 c5 2. Nf3 e6 3. d4 cxd4 4. Nxd4 Nf6 5. Nc3 Nc6 6. Ndb5 d6 7. Bf4 e5 8. Bg5
a6 9. Na3 b5 10. Nd5 Be7 11. Bxf6 Bxf6 12. c3 Bg5 13. Nc2 O-O 14. a4 bxa4 15.
Rxa4 Bb7 16. b4 a5 17. h4 Bh6 18. Bc4 Rc8 19. Qd3 axb4 20. Ncxb4 Nxb4 21. cxb4
Bxd5 22. Qxd5 Qd7 23. b5 Qg4 24. g3 Qf3 25. O-O Be3 1/2-1/2

[Event "Prague International Open"]
[Site "Prague CZE"]
[Date "2019.03.10"]
[Round "2.52"]
[White "Docekalova, Alexandra"]
[Black "Dette, Jan"]
[Result "0-1"]
[WhiteElo "1880"]
[BlackElo "2128"]
[WhiteFideId "325600"]
[BlackFideId "12936677"]
[EventDate "2019.03.09"]

1. e4 e6 2. d4 d5 3. Bd3 Nf6 4. e5 Nfd7 5. Ne2 c5 6. c3 Nc6 7. O-O cxd4 8. cxd4
f6 9. exf6 Nxf6 10. Re1 Bd6 11. Nbc3 O-O 12. h3 Nh5 13. Be3 Qh4 14. Bc2 Rf6 15.
Qd2 Bd7 16. Rf1 Nf4 17. Nxf4 Bxf4 18. Ne2 Bxe3 19. fxe3 Raf8 20. Rxf6 Qxf6 21.
Nf4 Nxd4 22. Nxd5 Nf3+ 23. gxf3 Qg5+ 24. Kh2 Rxf3 25. Nf4 Qg3+ 26. Kh1 Rf2 0-1

[Event "Prague International Open"]
[Site "Prague CZE"]
[Date "2019.03.10"]
[Round "2.56"]
[White "Oburka, Vladislav"]
[Black "Mulenko, Alexander"]
[Result "0-1"]
[WhiteElo "1811"]
[BlackElo "2119"]
[WhiteFideId "322768"]
[BlackFideId "24105430"]
[EventDate "2019.03.09"]

1. e4 Nf6 2. e5 Nd5 3. d4 d6 4. c4 Nb6 5. f4 Bf5 6. Nf3 e6 7. Be3 dxe5 8. fxe5
Bb4+ 9. Nc3 c5 10. Qb3 cxd4 11. O-O-O Nc6 12. Nxd4 Qe7 13. Nf3 Na5 14. Bg5 Nxb3+
15. axb3 f6 16. exf6 gxf6 17. Bh6 Bxc3 0-1

[Event "Prague International Open"]
[Site "Prague CZE"]
[Date "2019.03.10"]
[Round "2.57"]
[White "Zubova, Mariya"]
[Black "Ruzicka, Filip"]
[Result "1-0"]
[WhiteTitle "WFM"]
[WhiteElo "2117"]
[BlackElo "1780"]
[WhiteFideId "14118874"]
[BlackFideId "386154"]
[EventDate "2019.03.09"]

1. e4 c5 2. c3 d5 3. exd5 Qxd5 4. d4 Nf6 5. Nf3 e6 6. a3 Nc6 7. Be3 cxd4 8. cxd4
Be7 9. Nc3 Qd8 10. Bd3 O-O 11. O-O b6 12. Qe2 Bb7 13. Rad1 Rc8 14. Rfe1 Qc7 15.
Bb1 Rfd8 16. Bg5 Nd5 17. Qe4 g6 18. Qh4 Nxc3 19. bxc3 h5 20. Bxg6 fxg6 21. Rxe6
Kf7 22. Bxe7 Kxe6 23. d5+ 1-0

[Event "Prague International Open"]
[Site "Prague CZE"]
[Date "2019.03.10"]
[Round "2.58"]
[White "Michel, Ladislav"]
[Black "Meszaros, Ludek"]
[Result "0-1"]
[WhiteElo "1769"]
[BlackElo "2111"]
[WhiteFideId "329363"]
[BlackFideId "308153"]
[EventDate "2019.03.09"]

1. d4 Nf6 2. Bf4 g6 3. Nf3 Bg7 4. h3 O-O 5. e3 d6 6. c3 Nc6 7. Be2 Qe8 8. d5 e5
9. dxc6 exf4 10. exf4 bxc6 11. O-O Qe4 12. Nd4 Qxf4 13. Nxc6 Bb7 14. Na5 Bxg2
15. Kxg2 Qg5+ 16. Kh2 Qxa5 17. Nd2 Qe5+ 18. Kh1 Rfe8 19. Bf3 Rab8 20. Nb3 Qf5
21. Kh2 Re5 22. Bg2 Nh5 23. Qg4 Qf6 24. Nd4 Rg5 25. Qd7 Qf4+ 26. Kh1 Bxd4 27.
cxd4 Rxb2 28. Qxc7 Rxg2 29. Qc8+ Kg7 30. Kxg2 Qg3+ 31. Kh1 Qf3+ 32. Kg1 Ng3 33.
Qg4 Qh1# 0-1

[Event "Prague International Open"]
[Site "Prague CZE"]
[Date "2019.03.10"]
[Round "2.60"]
[White "Bauer, Jan"]
[Black "Hrbolka, Ladislav sr"]
[Result "0-1"]
[BlackTitle "FM"]
[WhiteElo "1719"]
[BlackElo "2107"]
[WhiteFideId "385107"]
[BlackFideId "300772"]
[EventDate "2019.03.09"]

1. d4 Nf6 2. Nf3 d5 3. e3 c6 4. Bd3 Bg4 5. Nbd2 e6 6. O-O Nbd7 7. c3 Bd6 8. Re1
Qc7 9. h3 Bh5 10. e4 dxe4 11. Nxe4 Nxe4 12. Bxe4 Nf6 13. Bc2 O-O-O 14. b3 Rhe8
15. Bg5 h6 16. Bxf6 gxf6 17. g4 Bg6 18. Bxg6 fxg6 19. Qd3 Qf7 20. c4 Bc7 21. Qe3
g5 22. Rad1 h5 23. d5 exd5 24. Qxa7 hxg4 25. hxg4 dxc4 26. bxc4 Qxc4 27. Rxe8
Qxg4+ 28. Kf1 Rxe8 29. Rb1 Qxf3 30. Qxb7+ Kd7 0-1

[Event "Prague International Open"]
[Site "Prague CZE"]
[Date "2019.03.10"]
[Round "2.61"]
[White "Skalsky, Alexandr"]
[Black "Kubik, Jaroslav"]
[Result "1-0"]
[WhiteElo "2103"]
[BlackElo "1716"]
[WhiteFideId "381799"]
[BlackFideId "322970"]
[EventDate "2019.03.09"]

1. e4 d6 2. d4 Nf6 3. Nc3 g6 4. Be3 Bg7 5. Qd2 O-O 6. O-O-O c6 7. Bh6 b5 8. f3
Qa5 9. h4 Bxh6 10. Qxh6 b4 11. Nb1 Qxa2 12. e5 dxe5 13. dxe5 Nd5 14. h5 Bf5 15.
g4 Nc3 16. Qxf8+ Kxf8 17. Rd8+ Kg7 18. h6# 1-0

[Event "Prague International Open"]
[Site "Prague CZE"]
[Date "2019.03.10"]
[Round "2.63"]
[White "Ziogas, Modestas"]
[Black "Nurgaliyev, Sauat"]
[Result "1-0"]
[BlackTitle "CM"]
[WhiteElo "2092"]
[BlackElo "1678"]
[WhiteFideId "12803740"]
[BlackFideId "13726285"]
[EventDate "2019.03.09"]

1. d4 Nf6 2. Nc3 d5 3. Bg5 Nbd7 4. Qd3 c5 5. dxc5 e6 6. e4 Nxc5 7. Qd4 dxe4 8.
Bxf6 gxf6 9. Bb5+ Bd7 10. Bxd7+ Qxd7 11. Qxf6 Rg8 12. Rd1 Qc6 13. Nge2 Be7 14.
Qe5 e3 15. fxe3 Rxg2 16. Rf1 Rg8 17. Qh5 Rf8 18. Rd4 Bd6 19. Rc4 Qb6 20. Nd4 a6
21. b4 Nd7 22. a3 Ne5 23. Na4 Qa7 24. Rc3 Ke7 25. Qh4+ f6 26. Qxh7+ Rf7 27. Qh3
f5 28. Qh4+ Rf6 29. Rg1 Rf8 30. Nc5 Ke8 31. Rg7 Be7 32. Qh5+ Nf7 33. Ncxe6 Rh8
34. Qf3 Rh5 35. Rg8+ Kd7 36. Qd5+ Nd6 37. Rc7# 1-0

[Event "Prague International Open"]
[Site "Prague CZE"]
[Date "2019.03.10"]
[Round "2.66"]
[White "Malecki, Rafal"]
[Black "Marhan, Frantisek"]
[Result "1-0"]
[WhiteElo "2068"]
[BlackElo "1616"]
[WhiteFideId "1108514"]
[BlackFideId "344460"]
[EventDate "2019.03.09"]

1. Nf3 Nf6 2. g3 d5 3. Bg2 c6 4. O-O Bf5 5. d3 Nbd7 6. b3 e6 7. Bb2 Be7 8. Nbd2
O-O 9. Nh4 Bg4 10. h3 Bh5 11. f4 Qb6+ 12. Kh2 Qe3 13. Nhf3 Ne8 14. Bd4 1-0

[Event "Prague International Open"]
[Site "Prague CZE"]
[Date "2019.03.10"]
[Round "2.67"]
[White "Krueger, Thomas"]
[Black "Vedrickiene, Jovita"]
[Result "0-1"]
[WhiteElo "1591"]
[BlackElo "2063"]
[WhiteFideId "4627970"]
[BlackFideId "12802573"]
[EventDate "2019.03.09"]

1. d4 Nf6 2. Nf3 g6 3. e3 Bg7 4. Bd3 d6 5. O-O O-O 6. Nbd2 Nbd7 7. c3 b6 8. e4
c5 9. d5 Rb8 10. a4 e6 11. dxe6 fxe6 12. Nc4 d5 13. exd5 exd5 14. Ne3 Bb7 15.
Nc2 Qc7 16. Bg5 Ng4 17. h3 Rxf3 18. hxg4 Rf7 19. Qd2 Ne5 20. Be2 h6 21. Bxh6
Bxh6 22. Qxh6 Rh7 23. Qf4 Nf3+ 0-1

[Event "Prague International Open"]
[Site "Prague CZE"]
[Date "2019.03.10"]
[Round "2.68"]
[White "Vavruska, Antonin"]
[Black "Vorsilka, Jiri"]
[Result "1-0"]
[WhiteElo "2054"]
[BlackElo "1584"]
[WhiteFideId "301329"]
[BlackFideId "365149"]
[EventDate "2019.03.09"]

1. e4 e6 2. d4 d5 3. e5 c5 4. Qg4 cxd4 5. Nf3 Nc6 6. Bd3 f5 7. Qg3 g6 8. a3 Bg7
9. O-O Nge7 10. b4 Qb6 11. Nbd2 Bd7 12. Re1 Rc8 13. Nb3 a5 14. b5 Na7 15. a4 Qc7
16. Bb2 b6 17. Bxd4 h5 18. h4 Bh6 19. Ng5 f4 20. Qxf4 Rf8 21. Qe3 Nf5 22. Bxf5
Bxg5 23. Bxg6+ 1-0

[Event "Prague International Open"]
[Site "Prague CZE"]
[Date "2019.03.10"]
[Round "2.70"]
[White "Veselsky, Jan"]
[Black "Trapl, Dalibor"]
[Result "0-1"]
[WhiteElo "1561"]
[BlackElo "2047"]
[WhiteFideId "303135"]
[BlackFideId "330744"]
[EventDate "2019.03.09"]

1. Nf3 Nf6 2. b3 d5 3. Bb2 Bf5 4. e3 c5 5. Bb5+ Nc6 6. d3 e6 7. Nbd2 Be7 8. O-O
Qc7 9. Ne5 O-O 10. Ndf3 Nxe5 11. Nxe5 a6 12. e4 Bg6 13. Bxa6 bxa6 14. exd5 Nxd5
15. c4 Nb4 16. a3 Nc6 17. Ng4 Rfd8 18. Qf3 Rxd3 19. Ne3 Rb8 20. b4 Nd4 21. Qg4
h5 22. Qh3 Nc2 23. Rac1 Nxe3 24. fxe3 cxb4 25. a4 Bc5 26. Rf3 Rbd8 27. Rcf1 Rd1
28. g3 Be4 29. Rxd1 Rxd1+ 30. Rf1 Bxe3# 0-1

[Event "Prague International Open"]
[Site "Prague CZE"]
[Date "2019.03.10"]
[Round "3.1"]
[White "Van den Doel, Erik"]
[Black "Rakotomaharo, Fy Antenaina"]
[Result "1/2-1/2"]
[WhiteTitle "GM"]
[BlackTitle "IM"]
[WhiteElo "2610"]
[BlackElo "2409"]
[WhiteFideId "1003720"]
[BlackFideId "13100050"]
[EventDate "2019.03.09"]

1. e4 c5 2. Nf3 d6 3. d4 cxd4 4. Nxd4 Nf6 5. Nc3 a6 6. Be2 e5 7. Nf3 Be7 8. Bg5
Be6 9. Bxf6 Bxf6 10. O-O O-O 11. Nd5 Nd7 12. Bc4 Rc8 13. Qe2 Nb6 14. Nxb6 Qxb6
15. Bb3 Rc5 16. Rfd1 Be7 17. Ne1 a5 18. Qe3 Qc7 19. c3 Rb5 20. Bxe6 fxe6 21. Nd3
d5 22. Re1 Bd6 23. Re2 Rf6 24. Rc1 a4 25. exd5 exd5 26. c4 dxc4 27. Qe4 Qc6 28.
Qxc6 bxc6 29. Rxc4 a3 30. bxa3 Rb1+ 31. Re1 Rxe1+ 32. Nxe1 Bxa3 33. Kf1 Be7 34.
Nd3 Re6 35. Re4 Bd6 36. a4 Re7 37. Ke2 Ra7 38. Rc4 Ra6 39. Ke3 Kf7 40. Ke4 Ke6
41. g3 g6 42. h3 h5 43. g4 hxg4 44. hxg4 Ra8 45. Ne1 1/2-1/2

[Event "Prague International Open"]
[Site "Prague CZE"]
[Date "2019.03.10"]
[Round "3.2"]
[White "Plischki, Sebastian"]
[Black "Sedlak, Nikola"]
[Result "1/2-1/2"]
[WhiteTitle "IM"]
[BlackTitle "GM"]
[WhiteElo "2397"]
[BlackElo "2605"]
[WhiteFideId "4637143"]
[BlackFideId "922900"]
[EventDate "2019.03.09"]

1. Nf3 e6 2. g3 b6 3. Bg2 Bb7 4. O-O Nf6 5. c4 g6 6. Nc3 Bg7 7. Re1 c5 8. e4 d6
9. d4 O-O 10. d5 e5 11. Rb1 Kh8 12. a3 Ng8 13. b4 Nd7 14. Be3 Bh6 15. bxc5 Bxe3
16. c6 Bc5 17. Na4 Ngf6 18. cxb7 Rb8 19. Qb3 Rxb7 20. Bh3 Rc7 21. Bxd7 Qxd7 22.
Kg2 Ng4 23. Nxc5 Rxc5 24. h3 Nf6 25. Qd3 Rfc8 26. Nd2 h5 27. Rf1 h4 28. g4 Qe7
29. a4 Nd7 30. Rb5 Kg8 31. Ra1 R5c7 32. a5 bxa5 33. Rbxa5 Nc5 34. Qe3 a6 35.
R5a3 Qf6 36. Rb1 Ra8 37. Rb6 Qd8 38. Nf3 Rcc8 39. Rb1 Kg7 40. g5 Rcb8 41. Rxb8
Rxb8 42. Nxh4 a5 43. Nf3 Qc7 44. h4 a4 45. Nd2 Rb2 46. Qc3 Qb6 47. Kf1 Rb3 48.
Rxb3 axb3 49. f3 b2 50. Nb1 Na4 51. Qa3 Qd4 52. Qxd6 Qxc4+ 53. Kg2 Qc2+ 54. Kg3
Qxb1 55. Qf6+ Kg8 56. Qd8+ Kh7 57. Qe7 Qg1+ 58. Kh3 Qf1+ 59. Kg3 Qe1+ 60. Kh3
Kg8 61. Qd8+ 1/2-1/2

[Event "Prague International Open"]
[Site "Prague CZE"]
[Date "2019.03.10"]
[Round "3.3"]
[White "Zubov, Alexander"]
[Black "Szotkowski, Jakub"]
[Result "1/2-1/2"]
[WhiteTitle "GM"]
[BlackTitle "IM"]
[WhiteElo "2605"]
[BlackElo "2383"]
[WhiteFideId "14109409"]
[BlackFideId "330590"]
[EventDate "2019.03.09"]

1. d4 Nf6 2. c4 c5 3. d5 b5 4. cxb5 a6 5. bxa6 g6 6. Nc3 Bxa6 7. Nf3 d6 8. g3
Bg7 9. Bg2 Nbd7 10. Rb1 O-O 11. b3 Qa5 12. Bd2 Rfb8 13. a4 Ne8 14. Na2 Qb6 15.
O-O Nc7 16. Bc3 Nf6 17. Nh4 Bb7 18. e4 e6 19. b4 exd5 20. a5 Qb5 21. e5 Ne4 22.
Bxe4 dxe4 23. bxc5 Qxc5 24. Qxd6 Ne6 25. Qxc5 Nxc5 26. Rb5 Bd5 27. Rxc5 Bxa2 28.
Ra1 Be6 29. a6 Bf8 30. Rca5 Rc8 31. Bd4 Rc4 32. Be3 Bb4 33. R5a4 Bc3 34. Rxc4
Bxa1 35. Ra4 Bxe5 36. a7 f5 37. Ra5 Bc7 38. Rb5 Rd8 39. Rb7 Be5 40. Bf4 e3 41.
fxe3 Rd1+ 42. Kf2 Rd2+ 43. Ke1 Bc3 44. Be5 Rd4+ 45. Kf2 Rd2+ 46. Ke1 Rd4+ 47.
Kf2 Rd2+ 1/2-1/2

[Event "Prague International Open"]
[Site "Prague CZE"]
[Date "2019.03.10"]
[Round "3.4"]
[White "Sokolov, Alexander"]
[Black "Bernadskiy, Vitaliy"]
[Result "1/2-1/2"]
[WhiteTitle "FM"]
[BlackTitle "GM"]
[WhiteElo "2393"]
[BlackElo "2581"]
[WhiteFideId "4119177"]
[BlackFideId "14100371"]
[EventDate "2019.03.09"]

1. e4 g6 2. d4 Bg7 3. Nc3 d6 4. f4 c6 5. Nf3 Bg4 6. Be3 Qb6 7. Qd2 Nf6 8. e5 Nd5
9. Nxd5 cxd5 10. Be2 O-O 11. c3 Nd7 12. O-O e6 13. h3 Bxf3 14. Bxf3 Qc6 15. a4
Rac8 16. a5 f6 17. exd6 Qxd6 18. g4 f5 19. g5 Nb8 20. h4 Nc6 21. h5 Rf7 22. Qd3
a6 23. Bd2 Qc7 24. Rfe1 Re7 25. Qe3 Rce8 26. b4 Nd8 27. Bd1 Nf7 28. Rf1 Nd6 29.
Be1 Rc8 30. h6 Bf8 31. Rf3 Ne4 32. Ra3 Qb8 33. Kg2 Rec7 34. Be2 Bd6 35. Bf1 Rf8
36. Be2 Qd8 37. Kf1 Qe7 38. Rb3 Rb8 39. Ra3 Qe8 40. Kg2 Rbc8 41. Bf1 Re7 42. Be2
Bb8 43. Qd3 Qd8 44. Kh1 Rec7 45. Kg2 Qd6 46. Qe3 Re7 47. Kf1 Rce8 48. Qd3 Qc7
49. Bd1 Nd6 50. Ba4 Rc8 51. Bb3 Qd8 52. Qe2 Ne4 53. Bd1 Bd6 54. Qd3 Qc7 55. Qe3
b6 56. Be2 b5 57. Kg2 Rce8 58. Ra2 Qd8 59. Kf1 Bb8 60. Bd1 Nd6 61. Be2 Nf7 62.
Bg3 Nxg5 63. fxg5 Bxg3 64. Rxg3 f4 65. Qe5 fxg3 66. Bg4 Rf7+ 67. Kg2 Qc7 68. Re2
Qxc3 69. Re3 Qxb4 70. Bxe6 Rxe6 71. Qxe6 Qxd4 72. Rf3 Qd2+ 73. Kxg3 Qxg5+ 74.
Kf2 Qh4+ 75. Kg2 Qe7 76. Qc8+ Qf8 77. Qe6 Qe7 1/2-1/2

[Event "Prague International Open"]
[Site "Prague CZE"]
[Date "2019.03.10"]
[Round "3.5"]
[White "Vedrickas, Tautvydas"]
[Black "Stefansson, Hannes"]
[Result "0-1"]
[WhiteTitle "FM"]
[BlackTitle "GM"]
[WhiteElo "2390"]
[BlackElo "2523"]
[WhiteFideId "12802654"]
[BlackFideId "2300087"]
[EventDate "2019.03.09"]

1. d4 d5 2. c4 e6 3. Nc3 Bb4 4. Qc2 c5 5. cxd5 exd5 6. a3 Bxc3+ 7. Qxc3 cxd4 8.
Qxd4 Nf6 9. b4 Nc6 10. Qb2 O-O 11. Nf3 Re8 12. e3 Bg4 13. b5 Na5 14. Bd3 Bxf3
15. gxf3 d4 16. e4 Nd5 17. Rg1 Qf6 18. Rg3 g6 19. Bg5 Qe5 20. Kf1 Nf4 21. Rd1
Rac8 22. Bxf4 Qxf4 23. Qxd4 Red8 24. Qb4 Nc4 25. Kg2 Ne5 26. Be2 Rxd1 27. Bxd1
Nd3 28. Qb3 Qd2 29. e5 Rc1 0-1

[Event "Prague International Open"]
[Site "Prague CZE"]
[Date "2019.03.10"]
[Round "3.6"]
[White "Kramer, Julian"]
[Black "Kriebel, Tadeas"]
[Result "1/2-1/2"]
[WhiteTitle "FM"]
[BlackTitle "IM"]
[WhiteElo "2380"]
[BlackElo "2507"]
[WhiteFideId "12921742"]
[BlackFideId "330027"]
[EventDate "2019.03.09"]

1. e4 e5 2. Nf3 Nc6 3. Bc4 Nf6 4. d3 h6 5. O-O d6 6. c3 g5 7. Re1 Bg7 8. d4 O-O
9. dxe5 dxe5 10. Qxd8 Rxd8 11. h3 a6 12. Na3 b5 13. Bf1 Rb8 14. h4 g4 15. Nd2
Bf8 16. g3 Na5 17. Nc2 c5 18. a4 b4 19. Ne3 Bb7 20. Nec4 Nc6 21. a5 Na7 22. Nxe5
Re8 23. Nec4 Nb5 24. e5 bxc3 25. bxc3 Nxc3 26. Bb2 Nfd5 27. Nd6 Red8 28. Nxb7
Rxb7 29. Bxc3 Nxc3 30. Ne4 Nxe4 31. Rxe4 Rb4 32. Bc4 h5 33. Rf4 Bh6 34. Bxf7+
Kg7 35. Rf5 Re4 36. e6 c4 37. e7 Rxe7 38. Bxc4 Kg6 39. Rd5 Rxd5 40. Bxd5 Bd2 41.
Ra2 Bc3 42. Bc4 Re5 43. Bd3+ Kf6 44. Rc2 Bxa5 45. Rc6+ Kg7 46. Rg6+ Kf7 47. Rxa6
Bc3 48. Kg2 Bd4 49. Ra4 Bc3 50. Be4 Kf6 51. Rc4 Ba5 52. f3 gxf3+ 53. Kxf3 Rb5
54. Rc6+ Kg7 55. Kg2 Re5 56. Kf3 Bd2 57. Rc7+ Kf6 58. Rc2 Bb4 59. Rc6+ Kg7 60.
Kf4 Rc5 61. Re6 Bd2+ 62. Kf3 Kf7 63. Rd6 Bb4 64. Bg6+ Kg7 65. Re6 Rc3+ 66. Kf4
Ba3 67. Bxh5 Bc1+ 68. Kg4 Be3 69. Re7+ Kg8 70. Rf7 Bb6 71. Rf3 Rxf3 72. Kxf3 Bd8
73. Kg4 Kg7 74. Kf5 Bxh4 1/2-1/2

[Event "Prague International Open"]
[Site "Prague CZE"]
[Date "2019.03.10"]
[Round "3.7"]
[White "Ashwath, R."]
[Black "Gasanov, Eldar"]
[Result "0-1"]
[BlackTitle "GM"]
[WhiteElo "2364"]
[BlackElo "2500"]
[WhiteFideId "5021049"]
[BlackFideId "14104466"]
[EventDate "2019.03.09"]

1. d4 d6 2. Nf3 Bg4 3. e4 Nf6 4. h3 Bh5 5. Nc3 e6 6. Be2 Be7 7. Be3 O-O 8. Qd2
c6 9. Bd3 d5 10. e5 Nfd7 11. Ne2 c5 12. g4 Bg6 13. dxc5 Nc6 14. Qc3 b6 15. Bxg6
fxg6 16. Nfd4 Nxd4 17. Nxd4 Nxc5 18. O-O Rc8 19. Qe1 Qd7 20. f3 b5 21. Kg2 Na4
22. Rb1 b4 23. h4 Rc7 24. Rh1 Bc5 25. Qd2 Qc8 26. h5 Bxd4 27. Qxd4 Rxc2+ 28. Kg3
Qc4 29. hxg6 hxg6 30. Qxc4 dxc4 31. Bxa7 Nxb2 32. Bc5 Rb8 33. g5 Nd3 34. Bd6 Rb5
35. Rh4 Nxe5 36. a4 Rd5 37. Bxb4 Nd3 38. Be7 Rb2 39. Rbh1 Kf7 40. Bf6 e5 41. Rh7
Ke6 42. Rxg7 c3 43. Re7+ Kd6 44. Rh8 c2 45. Rd8+ Kc5 46. Rc8+ Kd4 47. f4 Rb3 48.
Rxc2 Ne1+ 49. Kh4 Nxc2 50. fxe5 Ne3 51. Rc7 Nf5+ 52. Kg4 Ke4 53. Rc4+ Rd4 54.
Rxd4+ Nxd4 0-1

[Event "Prague International Open"]
[Site "Prague CZE"]
[Date "2019.03.10"]
[Round "3.8"]
[White "Sharashenidze, Akaki"]
[Black "Rasik, Vitezslav"]
[Result "1/2-1/2"]
[WhiteTitle "FM"]
[BlackTitle "GM"]
[WhiteElo "2353"]
[BlackElo "2463"]
[WhiteFideId "13601679"]
[BlackFideId "300306"]
[EventDate "2019.03.09"]

1. e4 d6 2. d4 g6 3. Nc3 Bg7 4. Nf3 Nf6 5. Be2 O-O 6. O-O e6 7. Bg5 h6 8. Be3
Nc6 9. h3 b6 10. Nh2 Bb7 11. f4 Ne7 12. Bf3 c5 13. Ng4 Nxg4 1/2-1/2

[Event "Prague International Open"]
[Site "Prague CZE"]
[Date "2019.03.10"]
[Round "3.9"]
[White "Kozusek, Daniel"]
[Black "Stachowiak, Kamil"]
[Result "1-0"]
[BlackTitle "IM"]
[WhiteElo "2350"]
[BlackElo "2433"]
[WhiteFideId "349500"]
[BlackFideId "1119966"]
[EventDate "2019.03.09"]

1. d4 Nf6 2. c4 c5 3. d5 b5 4. cxb5 a6 5. bxa6 Bxa6 6. Nc3 g6 7. e4 Bxf1 8. Kxf1
d6 9. Nf3 Bg7 10. g3 O-O 11. Kg2 Nbd7 12. Re1 Qb6 13. a4 Rfb8 14. Nb5 Ne8 15.
Nd2 Nc7 16. Nc4 Qb7 17. Nxc7 Qxc7 18. a5 Ne5 19. Nb6 Ra7 20. f4 Nd7 21. Nc4 Qb7
22. Ra3 Qa6 23. Qd3 Bd4 24. b3 e6 25. Qf3 Rab7 26. Bd2 Re8 27. e5 dxe5 28. fxe5
exd5 29. Qxd5 Re6 30. Nd6 Qd3 31. Ra2 Rxb3 32. a6 Nb6 33. a7 Ra3 34. Bh6 Rxa2+
35. Qxa2 Na8 36. Qd5 1-0

[Event "Prague International Open"]
[Site "Prague CZE"]
[Date "2019.03.10"]
[Round "3.10"]
[White "Cernousek, Lukas"]
[Black "Klima, Lukas"]
[Result "1-0"]
[WhiteTitle "IM"]
[BlackTitle "IM"]
[WhiteElo "2429"]
[BlackElo "2343"]
[WhiteFideId "311707"]
[BlackFideId "307548"]
[EventDate "2019.03.09"]

1. d4 Nf6 2. c4 e6 3. Nf3 b6 4. g3 Ba6 5. b3 b5 6. cxb5 Bxb5 7. Nc3 Bb4 8. Bd2
Ba6 9. Bg2 Bb7 10. O-O O-O 11. Qc2 d5 12. Ne5 a5 13. a3 Bd6 14. Nd3 Nbd7 15.
Rfc1 Ba6 16. Na4 Ne4 17. Bxa5 Qf6 18. Bxe4 dxe4 19. Ndc5 e3 20. f3 Bb5 21. Bxc7
Bxc7 22. Nxd7 Bxd7 23. Qxc7 Bxa4 24. bxa4 Qxd4 25. Qc3 Qxa4 26. Qxe3 h6 27. Rc3
Rfe8 28. Kf2 Rab8 29. Rac1 Rb2 30. Rc8 Rxc8 31. Rxc8+ Kh7 32. Qd3+ f5 33. Rc7
Rb3 34. Qd6 Rxa3 35. Qe5 1-0

[Event "Prague International Open"]
[Site "Prague CZE"]
[Date "2019.03.10"]
[Round "3.11"]
[White "Martin Duque, Jesus"]
[Black "Souleidis, Georgios"]
[Result "1-0"]
[WhiteTitle "FM"]
[BlackTitle "IM"]
[WhiteElo "2347"]
[BlackElo "2423"]
[WhiteFideId "2208954"]
[BlackFideId "4206827"]
[EventDate "2019.03.09"]

1. e4 e5 2. Nf3 Nf6 3. d3 Nc6 4. Be2 d5 5. Nbd2 Bc5 6. Nb3 Be7 7. exd5 Nxd5 8.
O-O O-O 9. c3 a5 10. a4 Bf5 11. d4 e4 12. Ne1 Bd6 13. Nc2 Nf4 14. Bxf4 Bxf4 15.
g3 Bd6 16. Ne3 Bh3 17. Re1 f5 18. Bc4+ Kh8 19. Qh5 f4 20. Qxh3 fxe3 21. Rxe3 Qf6
22. Rf1 Ne7 23. Rxe4 Ng6 24. Bd3 Rae8 25. Nxa5 1-0

[Event "Prague International Open"]
[Site "Prague CZE"]
[Date "2019.03.10"]
[Round "3.12"]
[White "Goluch, Piotr"]
[Black "Nguyen, Piotr"]
[Result "0-1"]
[WhiteTitle "FM"]
[BlackTitle "IM"]
[WhiteElo "2300"]
[BlackElo "2419"]
[WhiteFideId "1137840"]
[BlackFideId "1127993"]
[EventDate "2019.03.09"]

1. e4 g6 2. d4 Bg7 3. Nc3 d6 4. Nge2 Nf6 5. h3 O-O 6. g4 e5 7. d5 c6 8. Be3 Na6
9. Ng3 cxd5 10. exd5 Nc7 11. a4 b6 12. a5 Bb7 13. Bg2 b5 14. g5 Nfe8 15. Na2 f5
16. gxf6 Nxf6 17. Nb4 e4 18. a6 Bxd5 19. O-O Be6 20. Qd2 d5 21. Ra3 Nd7 22. Nc6
Qe8 23. Bf4 Nb6 24. Na5 Nxa6 25. c3 Qe7 26. Kh2 Nc5 27. Bh6 Bxh6 28. Qxh6 Nd3 0-1